| 000 | 01182cam a22002054a 4500 | ||
|---|---|---|---|
| 005 | 20250605163931.0 | ||
| 008 | 250528s ||||||||||||||||||||||||d | ||
| 035 | _a14696 | ||
| 020 | _a6822327 | ||
| 040 |
_aGR-AtMCL _bgre _dGR-AtMCL _eAACR2 |
||
| 245 | 1 | _aSociology and History / Methods | |
| 260 |
_bBasic Books, Inc., _c1968 |
||
| 300 | _a424 | ||
| 520 | _aHistory and Sociology in the United States, History and Sociology: Some Methodological Considerations, Quantitative Methods in History: Some Notes, History From the Census Returns, Investors and Investments, The Emergence of American Nationalism: A Quantitative Approach, An Appraisal of Beard's Design of Proof and Method, New Perspectives on Jacksonian Politics, The Congressional Equation, Anatomy of Giving: Millionaires in the Late Nineteenth Century, New Light on Changing American Values: A Forgotten Body of Survey Data, Religion and the Class Structure, The Study of Corruption, The ''Presidential Synthesis'' in American History, The Historian and the Pollster, Index. | ||
| 700 | 1 |
_aHofstadter Richard _9441 |
|
| 700 | 1 |
_aLipset Seymour Martin _9442 |
|
| 942 | _cBK | ||
| 999 |
_c317 _d317 |
||